000 00380nam a22001337a 4500
082 _a604.2
_bPAR
_cL-12,P-63
100 _aPare, Eugene G
_940614
245 _aEngineering Drawing
_cEugene G, Pare
260 _aNew York :
_bHenry Holt and Company,
_c1959.
300 _a500p.:
_bill,;
_c18 cm.
526 _a0
_b0
_c0
_d604_200000000000000_PAR
650 _aMCE
_9379
942 _2ddc
_cBK
999 _c544866
_d544866